00510 2200193 4500001002100000005001500021035002000036007000300056008004100059020002200100082000800122084001400130100002200144245004000166250001100206260004800217300003500265650001600300INLIS00000000000104820210806093139 a0010-0821000024ta210806 d 0 ind  a978-602-03-6333-2 a362 a362 NUR i0 aNurcholish Madjid1 aIndonesia Kita /cNurcholish Madjid acet. 1 aJakarta :bPT Gramedia Pustaka Utama,c2018 axix +189 hlm. ;c14 cm X 21 cm aIlmu Sosial